Normal view
MARC view
- AMERICAN PETROLEUM INSTITUTE
Entry Personal Name
001 - CONTROL NUMBER
- control field: 74776
003 - CONTROL NUMBER IDENTIFIER
- control field: NUST
005 - DATE AND TIME OF LATEST TRANSACTION
- control field: 20210628205303.0
008 - FIXED-LENGTH DATA ELEMENTS
- fixed length control field: 210628|| aca||aabn | a|a d
040 ## - CATALOGING SOURCE
- Original cataloging agency: NUST
- Transcribing agency: NUST
100 ## - HEADING--PERSONAL NAME
- Personal name: AMERICAN PETROLEUM INSTITUTE
670 ## - SOURCE DATA FOUND
- Source citation: Work cat.: (NUST): AMERICAN PETROLEUM INSTITUTE, MOTORS OIL GUIDE, 1976
